| 000 | 01062nam a2200253 i 4500 | ||
|---|---|---|---|
| 001 | bg | ||
| 100 | 1 | _aPIESTRAK, Stanisław J. | |
| 245 | 0 |
_aDesign of self-testing checkers for unidirectional error detecting codes / _cStanisław J. Piestrak. |
|
| 260 |
_aWrocław : _bOficyna Wydaw. Politechniki Wrocławskiej, _c1995. |
||
| 300 |
_a111 s. : _brys. ; _c24 cm. |
||
| 490 | 1 |
_aPrace Naukowe Instytutu Cybernetyki Technicznej Politechniki Wrocławskiej. Monografie = _aScientific Papers of the Institute of Technical Cybernetics of the Technical University of Wrocław. Monographs, _x0324-9786 ; _v24 |
|
| 500 | _aNumeracja ser. gł. : 92. | ||
| 504 | _aBibliogr. s. 93-107. | ||
| 650 | 9 |
_aUkłady cyfrowe _xbłędy |
|
| 650 | 9 |
_aUkłady scalone _xbłędy |
|
| 650 | 9 | _aKody | |
| 650 | 9 | _aInformatyka | |
| 830 | 0 |
_aPrace Naukowe Instytutu Cybernetyki Technicznej Politechniki Wrocławskiej. _pMonografie ; _v24 |
|
| 040 | _cBPK | ||
| 041 | 0 |
_aen _bpl |
|
| 080 | _a681.3.04:681.325:621.3.049.77 | ||
| 942 | _cKS | ||
| 008 | s pl f |000 0 pol | ||
| 999 |
_c31069 _d31069 |
||
| 856 |
_uhttp://koha.tu.koszalin.pl/cgi-bin/koha/opac-detail.pl?biblionumber=31069 _yKatalog online BPK |
||